កូនត្រីរាជនិងកុមារ / (Record no. 9389)
[ view plain ]
| 000 -LEADER | |
|---|---|
| fixed length control field | 02169nam a22003137a 4500 |
| 001 - CONTROL NUMBER | |
| control field | 9389 |
| 003 - CONTROL NUMBER IDENTIFIER | |
| control field | FISKH |
| 005 - DATE AND TIME OF LATEST TRANSACTION | |
| control field | 20251218104145.0 |
| 008 - FIXED-LENGTH DATA ELEMENTS--GENERAL INFORMATION | |
| fixed length control field | 251218b cb ||||| |||| 00| 0 eng d |
| 020 ## - INTERNATIONAL STANDARD BOOK NUMBER | |
| International Standard Book Number | 9789995001827 |
| 040 ## - CATALOGING SOURCE | |
| Original cataloging agency | FISKH |
| Language of cataloging | khr |
| Transcribing agency | FISKH |
| Modifying agency | FISKH |
| 082 ## - DEWEY DECIMAL CLASSIFICATION NUMBER | |
| Classification number | 895.93 |
| 100 ## - MAIN ENTRY--PERSONAL NAME | |
| Personal name | Bopha , Um |
| 245 ## - TITLE STATEMENT | |
| Title | កូនត្រីរាជនិងកុមារ / |
| Statement of responsibility, etc. | អ្នកនិពន្ធលោក អ៊ុំ បុប្ជា , អ្នកវាយអត្ថបទ លោក ខែម ម៉ារី |
| 250 ## - EDITION STATEMENT | |
| Edition statement | បោះពុម្ពលើកទី១ ឆ្នាំ២០១៣ |
| 260 ## - PUBLICATION, DISTRIBUTION, ETC. | |
| Place of publication, distribution, etc. | ភ្នំពេញ : |
| Name of publisher, distributor, etc. | គ្រឺះស្ថានបោះពុម្ពនិងចែកផ្សាយ , |
| Date of publication, distribution, etc. | ២០១៣ . |
| 300 ## - PHYSICAL DESCRIPTION | |
| Extent | 8 pages : |
| Other physical details | color illustrations ; |
| Dimensions | 17 x 17 cm . |
| 490 ## - SERIES STATEMENT | |
| Series statement | រឿងនិទានអប់រំសម្រាប់កុមារ |
| 505 ## - FORMATTED CONTENTS NOTE | |
| Formatted contents note | M <br/> |
| 520 ## - SUMMARY, ETC. | |
| Summary, etc. | មានកុមារ២នាក់បានជួយសង្គ្រោះជីវិតត្រីរាជពីសត្វឥន្ទ្រីយក្ស ។ ថ្ងៃមួយកុមារទាំងពីរក៏ជិះទូកទៅរៀនដូចរាល់ដងហើយក៏បានជួបនឹងខ្យល់ព្យុះ ធ្វើអោយលិចទូក ។ ហើយភ្លាមនោះត្រីរាជក៏បានមកជួយសង្គ្រោះកុមារទាំងពីរវិញ ។ |
| 520 ## - SUMMARY, ETC. | |
| Summary, etc. | Two children helped save the life of the King Fish from a giant eagle. One day, as usual, the two children were traveling by boat to school when they encountered a storm that caused the boat to sink. At that moment, the King Fish came and rescued the two children in return. |
| 521 8# - TARGET AUDIENCE NOTE | |
| Target audience note | 550 <br/> |
| Source | Lexile estimate <br/> |
| 521 8# - TARGET AUDIENCE NOTE | |
| Target audience note | M <br/> |
| Source | Rz-Plus <br/> |
| 650 ## - SUBJECT ADDED ENTRY--TOPICAL TERM | |
| Topical term or geographic name entry element | កូនត្រីរាជនិងកុមារ |
| Form subdivision | រឿងនិទានកុមារ |
| 650 ## - SUBJECT ADDED ENTRY--TOPICAL TERM | |
| Topical term or geographic name entry element | Small fish and the children |
| Form subdivision | Children's Stories |
| 700 ## - ADDED ENTRY--PERSONAL NAME | |
| Personal name | Vanthen , Houy |
| Relator term | Illustrator |
| 942 ## - ADDED ENTRY ELEMENTS (KOHA) | |
| Source of classification or shelving scheme | Dewey Decimal Classification |
| Koha item type | Books |
| Suppress in OPAC | No |
| Withdrawn status | Lost status | Source of classification or shelving scheme | Damaged status | Not for loan | Collection | Home library | Current library | Shelving location | Date acquired | Total Checkouts | Full call number | Barcode | Date last seen | Copy number | Price effective from | Koha item type |
|---|---|---|---|---|---|---|---|---|---|---|---|---|---|---|---|---|
| Dewey Decimal Classification | Khmer Language Books / សៀវភៅភាសាខ្មែរ | Footprints International School Library Network Toul Tom Poung Campus | Footprints International School Library Network Toul Tom Poung Campus | TTP Primary Khmer Bookshelves | 12/18/2025 | BOP 895.93 | FIS04111 | 12/18/2025 | 1 | 12/18/2025 | Books | |||||
| Dewey Decimal Classification | Khmer Language Books / សៀវភៅភាសាខ្មែរ | Footprints International School Library Network Toul Tom Poung Campus | Footprints International School Library Network Toul Tom Poung Campus | TTP Primary Khmer Bookshelves | 01/05/2026 | BOP 895.93 | FIS01285 | 01/05/2026 | 2 | 01/05/2026 | Books |
